Leadership Styles, Gender Roles and Institutional Effectiveness : (Record no. 79381)
[ view plain ]
| 000 -LEADER | |
|---|---|
| fixed length control field | 00921nam a2200241 a 4500 |
| 001 - CONTROL NUMBER | |
| RUCL Control Number | 79381 |
| 003 - CONTROL NUMBER IDENTIFIER | |
| rucl marc code | BD-RjUL |
| 005 - DATE AND TIME OF LATEST TRANSACTION | |
| control field | 20220418110803.0 |
| 008 - FIXED-LENGTH DATA ELEMENTS--GENERAL INFORMATION | |
| fixed length control field | 220215s2009 bg a|||| m||| 00| 0 eng d |
| 035 ## - SYSTEM CONTROL NUMBER | |
| system control number | (BD-RjUL)79381 |
| 040 ## - CATALOGING SOURCE | |
| Original cataloging agency | BD-RjUL |
| Language of cataloging | eng |
| Modifying agency | BD-RjUL |
| 041 ## - LANGUAGE CODE | |
| Language code of Book | eng |
| 082 ## - DEWEY DECIMAL CLASSIFICATION NUMBER | |
| DDC Edition number | 23 |
| Classification number | 158.4 |
| Author mark and Year | ELL 2009 |
| 100 ## - MAIN ENTRY--PERSONAL NAME | |
| Personal name | Elias, Md. Shamsuddin |
| 9 (RLIN) | 1216 |
| 245 10 - TITLE STATEMENT | |
| Title | Leadership Styles, Gender Roles and Institutional Effectiveness : |
| Remainder of title | A Comparative Study / |
| Statement of responsibility, etc | Md. Shamsuddin Elias ; |
| Name of Supervisor/Co-Supervisor | Supervisor : A. B. M. Zahirul Haque |
| 260 ## - PUBLICATION, DISTRIBUTION, ETC. (IMPRINT) | |
| Place of publication, distribution, etc | Rajshahi : |
| Name of publisher, distributor, etc | Department of Psychology, University of Rajshahi, |
| Date of publication, distribution, etc | 2009 |
| 300 ## - PHYSICAL DESCRIPTION | |
| Pagination | [12], iii, leaves 101 : |
| Other physical details | ill ; |
| Dimensions | 29 cm. |
| 502 ## - DISSERTATION NOTE | |
| Dissertation note | Thesis (M. phil.)-- Department of Psychology, Rajshahi University, 2009 |
| 504 ## - BIBLIOGRAPHY, ETC. NOTE | |
| Bibliography, etc | References : leaves 67-83 |
| 650 ## - SUBJECT ADDED ENTRY--TOPICAL TERM | |
| Topical term or geographic name as entry element | Leadership |
| General subdivision | Psychological aspects |
| 9 (RLIN) | 1336 |
| 700 ## - ADDED ENTRY--SUPERVISOR/CO-SUPERVISOR NAME | |
| Personal name | Haque, A. B. M. Zahirul, Supervisor |
| 9 (RLIN) | 1217 |
| 942 ## - ADDED ENTRY ELEMENTS (KOHA) | |
| Source of classification or shelving scheme | Dewey Decimal Classification |
| Koha item type | Theses |
| Source of classification or shelving scheme | Damaged status | Not for loan | Collection code | Permanent Location | Current Location | Shelving location | Date of accession | Source of acquisition | Total Checkouts | Full call number | Barcode | Date last seen | Copy number | Thesis |
|---|---|---|---|---|---|---|---|---|---|---|---|---|---|---|
| Dewey Decimal Classification | Not For Loan | Theses | Central Library, University of Rajshahi | Central Library, University of Rajshahi | Documentation Section | 09/11/2010 | Controller of Exam. R.U. | THE 158.4 ELL 2009 | D3154 | 15/02/2022 | C-1 | Theses |